000 01145cam a22003377a 4500
003 CHAP
005 20220329143052.0
008 051129d2005 mx r 00110 spa d
010 _a91459
011 _a92431
035 _a102995
040 _cCHAP
090 _aTesis
100 0 0 _aGonzález Tepozteco, Enrique.
_949444
245 1 0 _aProyecto de inversión en la producción de pepino encerado en Axochiapan, Morelos
_c/por Enrique González Tepozteco
260 _aCocula, Gro. :
_bEl autor,
_c2005.
300 _a90 h.
502 _aTesis (Ing. Agr. Fitotecnista) - - Colegio Superior del Estado de Guerrero
590 _aALEPH
_b10
_c20130110
_lUCH01
_h1508
590 _aBATCH-UPD
_b10
_c20130110
_lUCH01
_h0804
590 _aBATCH-UPD
_b10
_c20130410
_lUCH01
_h0442
590 _aBATCH-UPD
_b10
_c20130914
_lUCH01
_h1548
590 _aCONVERSION
_b10
_c20130109
_lUCH01
_h1351
650 1 4 _aPepino
_xCostos de producción.
_986899
650 1 4 _aPepino
_xRendimiento.
_986928
650 1 4 _aPepino
_zMorelos.
_986936
901 _aBK
905 _aLilia
942 _cTESIS
949 _aTesis
_bBC
_cTES
_d33724000966347
_eTS1
_h44417
_i102995
_sb
999 _c91459
_d91459